000 00296nam a2200121Ia 4500
008 220204s9999 xx 000 0 und d
082 _a541.1
_bSHE
100 _aSheehan, W F
245 0 _aPhysical chemistry
260 _aDelhi
_bPrentice Hall
_c1963
650 _aPhysical chemistry
942 _cBK
999 _c20899
_d20899